World's Busiest Airport Systems - Statistics

General Stats
  • This quiz has been taken 6,876 times
    4,706 since last reset
  • The average score is 37 of 50
Answer Stats
# City % Correct
146.7m London
98%
120.2m New York City
98%
96.2m Paris
94%
108.4m Tokyo
93%
91.1m Beijing
92%
90.8m Los Angeles
92%
96.2m Atlanta
90%
89.6m Shanghai
89%
91.3m Chicago
87%
82.5m Dubai
86%
41.8m Madrid
86%
77.3m Moscow
86%
43.5m Rome
84%
72.8m Dallas / Fort Worth
83%
62.1m Frankfurt
83%
71.5m Miami
83%
66.8m San Francisco
83%
39.8m Delhi
82%
63.3m Hong Kong
82%
38.6m Sydney
82%
85.6m Istanbul
81%
54.1m Singapore
81%
37.2m Mumbai
79%
53.2m Houston
78%
54.9m Amsterdam
77%
40.6m Barcelona
77%
67.1m Seoul
75%
41.0m Toronto
75%
68.0m Bangkok
74%
57.0m Jakarta
74%
37.5m Seattle
74%
37.3m Boston
72%
36.6m Milan
71%
64.9m Washington DC / Baltimore
71%
53.4m Denver
69%
40.5m Munich
68%
67.6m São Paulo
66%
56.1m Guangzhou
65%
36.2m Osaka
64%
51.7m Kuala Lumpur
63%
35.2m Manila
62%
37.9m Orlando
59%
35.1m Mexico City
58%
42.9m Las Vegas
56%
41.9m Taipei
55%
42.4m Phoenix
53%
44.3m Charlotte
46%
37.8m Chengdu
39%
35.2m Minneapolis/Saint Paul
38%
36.3m Shenzhen
37%
No matching quizzes found
Score Distribution
Percent of People with Each Score
Percentile by Number Answered
Your Score History
You have not taken this quiz since the last reset